000 00270nam a2200109Ia 4500
008 240624s9999 xx 000 0 und d
041 _aeng
082 _a658 GAJ
100 _aGAJAVELLI V S
245 _aREADINGS IN GLOBAL BUSINESS ENVIRONMENT
260 _c2005
_aNagpur
_bIMT
999 _c5387
_d5387